000 00278nam a22001217a 4500
008 170707b xxu||||| |||| 00| 0 eng d
041 _aeng
080 _a05
100 _a22
101 _aGJL
245 _aFROM BEOWULF TO MODERN BRITISH WRITERS
_cBALL.J
942 _2udc
_cBK
999 _c20049
_d20049